[Event "Satka Autumn 2019"]
[Site "Satka"]
[Date "2019.09.23"]
[Round "5.19"]
[White "Krylova, Mariya"]
[Black "Sogoyan, Milena"]
[Result "1/2-1/2"]
[WhiteElo "1543"]
[BlackElo "1361"]
[PlyCount "86"]
[EventDate "2019.??.??"]

1. e4 c5 2. Ne2 Nc6 3. g3 g6 4. Bg2 Bg7 5. c3 Nf6 6. d4 cxd4 7. cxd4 d6 8. d5
Ne5 9. f4 Ned7 10. O-O Qb6+ 11. Qd4 Qxd4+ 12. Nxd4 O-O 13. Rd1 Nc5 14. Nc3 Bg4
15. Rd2 Bd7 16. b4 Na4 17. Nxa4 Bxa4 18. Bb2 Ng4 19. Bh3 Bd7 20. Bxg4 Bxg4 21.
Rc1 Rac8 22. Rdc2 Rxc2 23. Rxc2 Rc8 24. Rxc8+ Bxc8 25. Kf2 a6 26. Ke3 Bd7 27.
Bc3 Bh3 28. Ne2 Bf1 29. Bxg7 Kxg7 30. Nc3 b5 31. e5 Bc4 32. Kd4 Kf8 33. a4 Ke8
34. a5 Kd7 35. Ne4 h6 36. g4 Be2 37. h3 Bf1 38. Nf2 Bc4 39. f5 dxe5+ 40. Kxe5
f6+ 41. Kd4 g5 42. Kc5 Kc7 43. Ne4 Bf1 1/2-1/2

[Event "Satka Autumn 2019"]
[Site "Satka"]
[Date "2019.09.23"]
[Round "5.20"]
[White "Lebedeva, Lubov E."]
[Black "Voskresenskaya, Marta"]
[Result "1-0"]
[WhiteElo "1802"]
[BlackElo "1907"]
[PlyCount "95"]
[EventDate "2019.??.??"]

1. e4 c6 2. d4 d5 3. Nc3 dxe4 4. Nxe4 Bf5 5. Ng3 Bg6 6. Nf3 Nd7 7. Bd3 Bxd3 8.
Qxd3 e6 9. O-O Ngf6 10. Re1 Be7 11. Bg5 O-O 12. Rad1 h6 13. Bxf6 Nxf6 14. Ne5
Qb6 15. Nc4 Qc7 16. Qf3 Rad8 17. Ne3 Rd7 18. Ng4 Nxg4 19. Qxg4 Rd5 20. h4 f5
21. Qe2 Bxh4 22. Qxe6+ Qf7 23. Qxf7+ Rxf7 24. Re8+ Kh7 25. Ne2 Bf6 26. c3 g5
27. Re1 f4 28. Nc1 Rdd7 29. Nd3 Rde7 30. Kf1 h5 31. Re6 Rxe8 32. Rxe8 Re7 33.
Ra8 a6 34. Rb8 h4 35. Nc5 Kg6 36. Rxb7 Re8 37. Rc7 g4 38. Rxc6 Kf5 39. f3 gxf3
40. gxf3 Re3 41. Kg2 Re2+ 42. Kg1 h3 43. Nd3 Bg5 44. Rc8 h2+ 45. Kh1 Rd2 46.
Rf8+ Bf6 47. Nc5 Kg6 48. Rxf6+ 1-0

[Event "Satka Autumn 2019"]
[Site "Satka"]
[Date "2019.09.23"]
[Round "5.21"]
[White "Matsenko, Elena"]
[Black "Zaitseva, Aleksandra"]
[Result "1-0"]
[WhiteElo "1841"]
[BlackElo "1041"]
[PlyCount "109"]
[EventDate "2019.??.??"]

1. e4 c6 2. d4 d5 3. exd5 cxd5 4. c4 Nf6 5. Nc3 Bf5 6. Nf3 e6 7. c5 Nc6 8. Bb5
Be7 9. Ne5 Rc8 10. Qa4 Qc7 11. Bf4 Qd8 12. Bxc6+ bxc6 13. Nxc6 Qd7 14. Nxe7
Qxa4 15. Nxa4 Kxe7 16. Rc1 Rc6 17. O-O h6 18. b4 a6 19. Nc3 Ra8 20. a4 Nd7 21.
b5 axb5 22. axb5 Rcc8 23. Bd6+ Ke8 24. b6 Rc6 25. b7 Rd8 26. Nb5 f6 27. Bc7
Rxc7 28. Nxc7+ Kf7 29. Rfd1 g5 30. c6 Nb8 31. Nb5 Nxc6 32. Rxc6 Rb8 33. Rc8
Rxb7 34. Nd6+ Ke7 35. Nxb7 h5 36. Rdc1 Kf7 37. Nd6+ Kg6 38. Nxf5 Kxf5 39. Re1
e5 40. dxe5 fxe5 41. Rf8+ Kg6 42. Rxe5 d4 43. Rd8 Kf6 44. Red5 h4 45. Rxd4 Ke7
46. Kf1 g4 47. Ke2 h3 48. gxh3 gxh3 49. Rd3 Kf7 50. Re3 Kf6 51. Rf8+ Kg7 52.
Rf4 Kg6 53. Rg3+ Kh5 54. Rfg4 Kh6 55. Rxh3# 1-0

[Event "Satka Autumn 2019"]
[Site "Satka"]
[Date "2019.09.23"]
[Round "5.22"]
[White "Zaitseva, Arina"]
[Black "Kanter, Elizaveta"]
[Result "0-1"]
[WhiteElo "1120"]
[BlackElo "1291"]
[PlyCount "116"]
[EventDate "2019.??.??"]

1. c4 e5 2. Nc3 Nf6 3. g3 c6 4. e4 d5 5. exd5 cxd5 6. cxd5 Nxd5 7. Bg2 Nb4 8.
Be4 N8c6 9. Nge2 Bh3 10. d3 f5 11. a3 fxe4 12. axb4 exd3 13. b5 dxe2 14. Qxe2
Nb4 15. Qh5+ g6 16. Qxe5+ Qe7 17. Qxe7+ Bxe7 18. Ke2 O-O 19. Bh6 Rfe8 20. Kf3
Bf5 21. Rad1 Bf6 22. Rhe1 Rxe1 23. Rxe1 Nd3 24. Re2 Kf7 25. Na4 Bd7 26. b3 Bxb5
27. Rd2 Bxa4 28. bxa4 Nc5 29. Be3 b6 30. Bxc5 bxc5 31. Rd7+ Be7 32. Ke4 Ke6 33.
Rd2 Rb8 34. Ra2 a5 35. Kd3 Kd5 36. Kc3 Bf6+ 37. Kd3 c4+ 38. Kc2 c3 39. Kc1 Rb2
40. Rxb2 cxb2+ 41. Kb1 Kc4 42. Ka2 Kb4 43. f4 Kxa4 44. h4 Kb4 45. g4 Kc3 46.
Kb1 a4 47. h5 a3 48. hxg6 hxg6 49. g5 Bxg5 50. fxg5 a2+ 51. Kxa2 Kc2 52. Ka3
b1=Q 53. Ka4 Qb3+ 54. Ka5 Kc3 55. Ka6 Qb8 56. Ka5 Kc4 57. Ka6 Kc5 58. Ka5 Qb5#
0-1

[Event "Satka Autumn 2019"]
[Site "?"]
[Date "2019.09.24"]
[Round "6.1"]
[White "Schepetkova, Margarita"]
[Black "Guseva, Marina"]
[Result "1-0"]
[WhiteElo "2194"]
[BlackElo "2374"]
[PlyCount "85"]
[EventDate "2019.??.??"]

1. d4 Nf6 2. c4 e6 3. g3 c5 4. d5 exd5 5. cxd5 d6 6. Bg2 g6 7. Nf3 Bg7 8. O-O
O-O 9. Nc3 Re8 10. Bf4 Bf5 11. Nh4 Bg4 12. Qd2 b5 13. Rfe1 a6 14. a3 Nh5 15.
Bh6 Bh8 16. h3 Bc8 17. Nf3 Nd7 18. Rad1 Nb6 19. b3 Nf6 20. Ng5 Bg7 21. Bxg7
Kxg7 22. e4 h6 23. Nf3 Nbd7 24. b4 Bb7 25. bxc5 Nxc5 26. Nd4 Qb6 27. Kh2 Rac8
28. f4 Ncd7 29. Re3 Qa5 30. Nc6 Bxc6 31. dxc6 Nb8 32. e5 dxe5 33. fxe5 Ng8 34.
Rf1 Nxc6 35. Bxc6 Red8 36. Bd5 Qxa3 37. Rxf7+ Kh8 38. e6 Qb4 39. e7 Re8 40. Rf4
Qc5 41. Bxg8 Rxe7 42. Rxe7 Qxe7 43. Bd5 1-0

[Event "Russian Cup Women - Satka Autumn 2019"]
[Site "Satka"]
[Date "2019.09.24"]
[Round "6.13"]
[White "Loskutova, Viktoriya"]
[Black "Lebedeva, Lubov E."]
[Result "1-0"]
[WhiteElo "2162"]
[BlackElo "1802"]
[PlyCount "79"]
[EventDate "2019.09.19"]

1. e4 e5 2. Nf3 Nc6 3. Bb5 a6 4. Ba4 Nf6 5. O-O d6 6. d3 Be7 7. c3 O-O 8. Nbd2
Bg4 9. Re1 b5 10. Bc2 b4 11. h3 Bh5 12. Nf1 bxc3 13. bxc3 d5 14. Qe2 d4 15. c4
Bb4 16. Rd1 Rb8 17. Rb1 Qd6 18. Ng3 Bg6 19. Nh4 Ne7 20. f4 h6 21. Rf1 Bh7 22.
fxe5 Qxe5 23. Bf4 Qa5 24. Nf3 Ng6 25. Bc1 Rbd8 26. Bb3 Nh5 27. Nxh5 Qxh5 28.
Qf2 Ne5 29. Nxe5 Qxe5 30. Bf4 Qe7 31. Qg3 Rc8 32. Bxh6 Bg6 33. Bf4 Bc5 34. Ba4
a5 35. Bc6 Bb6 36. Rb5 Kh8 37. Rg5 Kg8 38. h4 Bh7 39. Rxg7+ Kh8 40. Be5 1-0

[Event "Russian Cup Women - Satka Autumn 2019"]
[Site "Satka"]
[Date "2019.09.24"]
[Round "6.14"]
[White "Shamsutdinova, Karina"]
[Black "Trapeznikova, Darya"]
[Result "0-1"]
[WhiteElo "1747"]
[BlackElo "2085"]
[PlyCount "80"]
[EventDate "2019.09.19"]

1. d4 d5 2. c4 e6 3. Nc3 c6 4. e3 Nf6 5. Nf3 Nbd7 6. Qc2 Bd6 7. Bd3 dxc4 8.
Bxc4 b5 9. Be2 Bb7 10. a3 a5 11. b3 O-O 12. O-O Qe7 13. e4 e5 14. Rd1 b4 15.
axb4 axb4 16. Rxa8 Rxa8 17. Na4 g6 18. dxe5 Nxe5 19. Nd2 c5 20. Bb2 Nc6 21. Nc4
Nd4 22. Bxd4 cxd4 23. Nxd6 Qxd6 24. f3 Rc8 25. Qd2 Rd8 26. Nb2 Nh5 27. Bf1 Qc5
28. Rc1 Qa5 29. Rc4 Ba6 30. Rxb4 Qa1 31. Nc4 Qc3 32. Qxc3 dxc3 33. Ne3 Rd1 34.
g4 Nf4 35. Rb8+ Kg7 36. Rb6 c2 37. Rxa6 c1=Q 38. Nxd1 Qxd1 39. Kf2 Qxb3 40. Kg3
Ne6 0-1

[Event "Russian Cup Women - Satka Autumn 2019"]
[Site "Satka"]
[Date "2019.09.24"]
[Round "6.15"]
[White "Turebayeva, Alfiya"]
[Black "Krylova, Mariya"]
[Result "1-0"]
[WhiteElo "2076"]
[BlackElo "1543"]
[PlyCount "95"]
[EventDate "2019.09.19"]

1. e4 d6 2. d4 Nf6 3. Nc3 e5 4. Nf3 Nbd7 5. Bc4 Be7 6. O-O O-O 7. a4 c6 8. Re1
exd4 9. Nxd4 Ne5 10. Be2 Re8 11. Bf4 Bf8 12. Bg3 a6 13. Qd2 Ng6 14. Bc4 Nh5 15.
Rad1 Nxg3 16. hxg3 Ne5 17. Bf1 Qc7 18. Nf5 Bxf5 19. exf5 d5 20. Qd4 b5 21. Ra1
b4 22. Ne2 Rad8 23. Qh4 Qe7 24. Nd4 Qxh4 25. gxh4 c5 26. Rxe5 Rxe5 27. Nc6 Ree8
28. Nxd8 Rxd8 29. Bxa6 c4 30. Rd1 c3 31. bxc3 bxc3 32. Kf1 d4 33. Bd3 Be7 34.
g3 g6 35. fxg6 fxg6 36. a5 Bc5 37. Rb1 Rd7 38. Rb8+ Kg7 39. Rc8 Ba7 40. g4 h6
41. Rc6 g5 42. Rg6+ Kf7 43. Rxh6 Ke7 44. h5 Kd8 45. Rh8+ Kc7 46. h6 Bc5 47. h7
Kd6 48. Rg8 1-0

[Event "Russian Cup Women - Satka Autumn 2019"]
[Site "Satka"]
[Date "2019.09.24"]
[Round "6.16"]
[White "Mar, Karmen"]
[Black "Skobochkina, Maria"]
[Result "1-0"]
[WhiteElo "2026"]
[BlackElo "1432"]
[PlyCount "75"]
[EventDate "2019.09.19"]

1. e4 e5 2. Nf3 Nc6 3. Bc4 Nf6 4. d3 Bc5 5. c3 O-O 6. O-O d6 7. h3 h6 8. Re1
Ne7 9. b4 Bb6 10. a4 a5 11. b5 Re8 12. Qb3 Rf8 13. Nbd2 Ng6 14. Nf1 Qe7 15. d4
Bd7 16. Ng3 Rfe8 17. dxe5 Nxe5 18. Nxe5 dxe5 19. Ba3 Qd8 20. Bxf7+ Kh8 21. Rad1
Qc8 22. Bxe8 Qxe8 23. c4 Bd4 24. Ne2 Qg6 25. Nxd4 exd4 26. Rxd4 Re8 27. Re3 Bc8
28. Qd3 Nh5 29. e5 Bf5 30. Qd2 b6 31. Rd8 Nf4 32. Rg3 Nxh3+ 33. gxh3 Qe6 34.
Rxe8+ Qxe8 35. e6 Qxe6 36. Bb2 Bg6 37. Qxh6+ Kg8 38. Qxg7# 1-0

[Event "Russian Cup Women - Satka Autumn 2019"]
[Site "Satka"]
[Date "2019.09.24"]
[Round "6.17"]
[White "Kalenichenko, Alina"]
[Black "Sogoyan, Milena"]
[Result "1-0"]
[WhiteElo "1597"]
[BlackElo "1361"]
[PlyCount "59"]
[EventDate "2019.09.19"]

1. d4 Nf6 2. c4 g6 3. Nc3 Bg7 4. e4 d6 5. Nf3 O-O 6. Be2 e5 7. d5 Na6 8. Be3 c6
9. O-O cxd5 10. cxd5 Nc7 11. Nd2 Nfe8 12. Nc4 f5 13. f4 b5 14. Na5 b4 15. Nc6
Qd7 16. Nb5 Nxb5 17. Bxb5 Qb7 18. Bc4 exf4 19. Bxf4 fxe4 20. Qe2 e3 21. Bxe3
Nf6 22. Bd4 Re8 23. Qf3 Rf8 24. Rae1 Bd7 25. Re7 Rae8 26. Qg3 Qc7 27. Qg5 Nh5
28. Bxg7 Rxf1+ 29. Bxf1 Nxg7 30. Qf6 1-0

[Event "Russian Cup Women - Satka Autumn 2019"]
[Site "Satka"]
[Date "2019.09.24"]
[Round "6.18"]
[White "Kanter, Elizaveta"]
[Black "Stroganova, Karina"]
[Result "0-1"]
[WhiteElo "1291"]
[BlackElo "1885"]
[PlyCount "184"]
[EventDate "2019.09.19"]

1. e4 d5 2. exd5 Qxd5 3. Nf3 Nf6 4. Be2 g6 5. d4 Bg7 6. O-O O-O 7. c4 Qd8 8.
Nc3 c6 9. Bf4 Nbd7 10. Qd2 Re8 11. Rac1 Nh5 12. Bh6 Bh8 13. Rfd1 Ng7 14. d5 Nf5
15. Ne4 cxd5 16. cxd5 Nf6 17. Nxf6+ Bxf6 18. Bf4 Qb6 19. b3 Nd6 20. Be3 Qd8 21.
Qb4 Bf5 22. Nd4 Bd7 23. Rc2 Nf5 24. Qxb7 Nxd4 25. Bxd4 Bf5 26. Rc7 Qd6 27. Bxf6
Qxf6 28. Rdc1 Qb2 29. Qa6 Red8 30. Bf3 Rac8 31. Rxc8 Bxc8 32. Qc6 Bd7 33. Qc2
Qa3 34. Re1 Rc8 35. Qd2 Bf5 36. Qe2 Rc2 37. Qb5 Qxa2 38. Qe8+ Kg7 39. Qxe7 Qb2
40. d6 Qd4 41. Qe3 Qxd6 42. Rd1 Qc7 43. Qd4+ Kg8 44. Qd8+ Qxd8 45. Rxd8+ Kg7
46. h3 Be6 47. Ra8 Ra2 48. b4 Kf6 49. Rd8 Ra4 50. b5 Bc4 51. Bc6 Ke7 52. Rd7+
Ke6 53. Rd8 h5 54. h4 Rb4 55. Rd4 Rb1+ 56. Kh2 Bxb5 57. Bxb5 Rxb5 58. Rd8 Rb7
59. Ra8 Kd7 60. Kg3 Kc7 61. Kf3 Kb6 62. Ke3 a5 63. Kd4 Rc7 64. f3 Kb5 65. g4
hxg4 66. fxg4 Rc4+ 67. Kd3 Rxg4 68. Kc3 Rxh4 69. Rb8+ Ka4 70. Rb2 Rh3+ 71. Kc4
Ka3 72. Rb5 a4 73. Rb7 f5 74. Rg7 Rg3 75. Rd7 f4 76. Rd2 g5 77. Rd1 Re3 78. Rg1
f3 79. Rg3 Re4+ 80. Kd3 Rf4 81. Rg1 f2 82. Rf1 Kb2 83. Ke2 a3 84. Kd2 a2 85.
Ke2 a1=Q 86. Rxa1 Kxa1 87. Kf1 g4 88. Ke2 f1=Q+ 89. Ke3 Qf3+ 90. Kd2 Re4 91.
Kc2 Re2+ 92. Kd1 Qf1# 0-1

[Event "Russian Cup Women - Satka Autumn 2019"]
[Site "Satka"]
[Date "2019.09.24"]
[Round "6.19"]
[White "Sultanova, Kristina"]
[Black "Matsenko, Elena"]
[Result "0-1"]
[WhiteElo "1201"]
[BlackElo "1841"]
[PlyCount "142"]
[EventDate "2019.09.19"]

1. d4 f5 2. Nf3 Nf6 3. Bf4 g6 4. e3 Bg7 5. Be2 d6 6. c4 O-O 7. O-O c6 8. Qb3
Kh8 9. Rd1 Nh5 10. h3 Nxf4 11. exf4 Qc7 12. Nc3 Nd7 13. d5 Nc5 14. Qc2 a5 15.
Rac1 Bd7 16. b3 e5 17. dxe6 Bxe6 18. Rd2 Rfe8 19. Rcd1 Rad8 20. a3 Bg8 21. b4
axb4 22. axb4 Ne4 23. Nxe4 fxe4 24. Ng5 Qe7 25. Qb3 h6 26. Qg3 hxg5 27. fxg5
Be5 28. Qh4+ Qh7 29. Qxh7+ Kxh7 30. Ra2 Ra8 31. Rdd2 Bf4 32. Rdc2 Bxg5 33. g3
Bf6 34. Bf1 Rxa2 35. Rxa2 Bd4 36. Kg2 Rf8 37. Rd2 c5 38. bxc5 Bxc5 39. Rb2 b6
40. Rd2 Ra8 41. Kg1 Ra3 42. Kh2 Rc3 43. h4 Bxc4 44. Bxc4 Rxc4 45. Kg2 b5 46.
Rd1 b4 47. Rh1 Rc2 48. g4 Rxf2+ 49. Kg3 b3 50. h5 b2 51. hxg6+ Kxg6 52. g5 Rf3+
53. Kg4 Rb3 54. Rb1 e3 55. Kf3 Kxg5 56. Ke2 d5 57. Rg1+ Kf5 58. Rf1+ Ke5 59.
Rb1 d4 60. Kd1 d3 61. Ke1 Bb4+ 62. Kf1 e2+ 63. Kf2 e1=Q+ 64. Rxe1+ Bxe1+ 65.
Kf3 b1=Q 66. Kg4 Qd1+ 67. Kg5 Qf3 68. Kg6 Qf5+ 69. Kh6 Rb6+ 70. Kg7 Qd7+ 71.
Kg8 Rb8# 0-1

[Event "Russian Cup Women - Satka Autumn 2019"]
[Site "Satka"]
[Date "2019.09.24"]
[Round "6.20"]
[White "Nikulina, Anastasiya"]
[Black "Shafikova, Irina"]
[Result "1-0"]
[WhiteElo "1540"]
[BlackElo "1200"]
[PlyCount "115"]
[EventDate "2019.09.19"]

1. e4 e5 2. Nf3 Nc6 3. d4 exd4 4. Nxd4 Nf6 5. Nc3 Bb4 6. Nxc6 bxc6 7. Bd3 d5 8.
exd5 cxd5 9. O-O O-O 10. Bg5 c6 11. Qf3 Be7 12. h3 Rb8 13. b3 d4 14. Ne2 c5 15.
Bxf6 Bxf6 16. Qh5 g6 17. Qxc5 Rb6 18. Rad1 Bb7 19. Bc4 Qa8 20. f3 Rc8 21. Qa5
Rd8 22. Qd2 Ba6 23. Bxa6 Rxa6 24. Qf4 Rad6 25. Ng3 Bg7 26. Rd3 Qc6 27. Qd2 Rc8
28. Rf2 Rcd8 29. Re2 Qc7 30. Qf4 f5 31. Red2 Qb6 32. Re2 Qc7 33. h4 Qb7 34. h5
a5 35. hxg6 hxg6 36. Qg5 Bf6 37. Qxg6+ Bg7 38. Re8+ Rxe8 39. Qxe8+ Kh7 40. Qh5+
Kg8 41. Nxf5 Rd7 42. Nxg7 Rxg7 43. Qe8+ Kh7 44. Qe4+ Qxe4 45. fxe4 Rc7 46. Rd2
Kg6 47. Rxd4 Rxc2 48. Ra4 Re2 49. Kf1 Rd2 50. Rxa5 Rd4 51. Re5 Rd2 52. a4 Rd3
53. b4 Rd4 54. Rb5 Rxe4 55. a5 Re6 56. Rb6 Rxb6 57. axb6 Kf5 58. b7 1-0

[Event "Russian Cup Women - Satka Autumn 2019"]
[Site "Satka"]
[Date "2019.09.24"]
[Round "6.21"]
[White "Donia, Anastasiia"]
[Black "Mirgalina, Anna"]
[Result "0-1"]
[WhiteElo "1132"]
[BlackElo "1473"]
[PlyCount "78"]
[EventDate "2019.09.19"]

1. e4 c5 2. Nf3 d6 3. Bc4 e6 4. Nc3 Nf6 5. d4 cxd4 6. Nxd4 a6 7. Bg5 Be7 8. O-O
O-O 9. Re1 Qc7 10. Bb3 Nc6 11. a3 b5 12. Qd3 Rd8 13. Nxc6 Qxc6 14. Rad1 Bb7 15.
Re3 Rd7 16. Re2 Rc8 17. Red2 Nxe4 18. Qxe4 Bxg5 19. Qxc6 Rxc6 20. Rd3 g6 21.
Ne4 Be7 22. a4 Rb6 23. Nc3 b4 24. Ne2 Rc7 25. h3 Rc5 26. R3d2 Kg7 27. Ng3 h5
28. Re1 d5 29. Ba2 Bf6 30. Rb1 Rbc6 31. c3 bxc3 32. bxc3 Bxc3 33. Rc2 Rc7 34.
Ne2 d4 35. Nxc3 Rxc3 36. Rxc3 dxc3 37. Rc1 Bd5 38. Bb1 Bb3 39. Bd3 a5 0-1

[Event "Russian Cup Women - Satka Autumn 2019"]
[Site "Satka"]
[Date "2019.09.24"]
[Round "6.22"]
[White "Telelyukhina, Elizaveta"]
[Black "Dubovikova, Rada"]
[Result "1-0"]
[WhiteElo "1445"]
[BlackElo "1096"]
[PlyCount "93"]
[EventDate "2019.09.19"]

1. e4 e5 2. Nf3 d5 3. exd5 e4 4. Qe2 Nf6 5. Nc3 Be7 6. Nxe4 O-O 7. c4 Nxe4 8.
Qxe4 Bd6 9. Be2 Re8 10. Qd3 Nd7 11. Nd4 Nc5 12. Qf3 Be5 13. Nc2 Qe7 14. d4 Bf6
15. dxc5 Qxc5 16. O-O Qe7 17. Ne3 Be5 18. Rb1 Qd6 19. h3 b6 20. b3 Bb7 21. Bb2
Bxb2 22. Rxb2 c6 23. dxc6 Bxc6 24. Qg4 Bd7 25. Qf3 Bc6 26. Nd5 Bxd5 27. Qxd5
Qxd5 28. cxd5 Rad8 29. Bf3 Re5 30. Rc2 h6 31. Rc7 a5 32. Rc6 Rb8 33. d6 Re6 34.
d7 Rxc6 35. Bxc6 Kh7 36. Re1 g5 37. Re8 Rxe8 38. dxe8=Q Kg7 39. Qe5+ Kg6 40.
Be4+ f5 41. Qxf5+ Kg7 42. Qg6+ Kf8 43. Qh7 Ke8 44. Bc6+ Kf8 45. Bd5 Ke8 46. Be6
Kd8 47. Qd7# 1-0

[Event "Russian Cup Women - Satka Autumn 2019"]
[Site "Satka"]
[Date "2019.09.24"]
[Round "6.23"]
[White "Voskresenskaya, Marta"]
[Black "Zaitseva, Arina"]
[Result "1-0"]
[WhiteElo "1907"]
[BlackElo "1120"]
[PlyCount "109"]
[EventDate "2019.09.19"]

1. d4 Nf6 2. Nf3 g6 3. c4 Bg7 4. Nc3 O-O 5. Bg5 h6 6. Bh4 d5 7. Bxf6 Bxf6 8.
Nxd5 Bg7 9. e3 c6 10. Nc3 Bf5 11. Bd3 Bxd3 12. Qxd3 c5 13. Rd1 cxd4 14. exd4
Nc6 15. O-O Nb4 16. Qe4 Qd7 17. Ne5 Qc7 18. a3 Na6 19. Nd5 Qd6 20. Rfe1 e6 21.
Nc3 Qc7 22. Nb5 Qe7 23. b4 Rfc8 24. c5 b6 25. Nd6 Rf8 26. Ndxf7 Rab8 27. Nd6
Qf6 28. f3 Nc7 29. Nd7 Qe7 30. Nxb8 Rxb8 31. Qxg6 Qd7 32. Ne4 Nd5 33. Ng3 Nf6
34. Nh5 Nxh5 35. Qxh5 Bxd4+ 36. Kh1 bxc5 37. bxc5 Qg7 38. Rxe6 Kh7 39. Qf5+ Kh8
40. Qf4 Rd8 41. Qxh6+ Qxh6 42. Rxh6+ Kg7 43. Rd6 Rb8 44. R6xd4 Rb7 45. Rd7+
Rxd7 46. Rxd7+ Kf6 47. c6 Ke6 48. Rd2 a6 49. c7 a5 50. c8=Q+ Ke7 51. Qd7+ Kf6
52. Rd6+ Ke5 53. Qe6+ Kf4 54. Qe4+ Kg5 55. Qg4# 1-0

[Event "Satka Autumn 2019"]
[Site "Satka"]
[Date "2019.09.26"]
[Round "8.5"]
[White "Dubnikova, Anastasia"]
[Black "Petrenko, Svetlana"]
[Result "1-0"]
[WhiteElo "2056"]
[BlackElo "2200"]
[PlyCount "107"]
[EventDate "2019.09.19"]

1. Nf3 b5 2. d4 Bb7 3. e4 a6 4. Bd3 d6 5. a4 b4 6. a5 e6 7. c3 c5 8. cxb4 cxb4
9. Nbd2 d5 10. e5 Ne7 11. h4 h6 12. Nb3 Nd7 13. Bd2 Nc6 14. h5 Qb8 15. Rh4 f5
16. g4 Be7 17. gxf5 Ndxe5 18. dxe5 Bxh4 19. Nxh4 Qxe5+ 20. Qe2 O-O 21. Ng6
Qxe2+ 22. Kxe2 Rfe8 23. fxe6 Rxe6+ 24. Kf1 Ree8 25. Ra4 Bc8 26. Nc5 Ne5 27.
Nxe5 Rxe5 28. Bf4 Rxh5 29. Rxb4 Rh1+ 30. Kg2 Ra1 31. Nb3 Re1 32. Be3 h5 33. Rd4
Rb8 34. Nc5 Rxb2 35. Bg5 Re5 36. Bf4 Re8 37. Rxd5 Bg4 38. Rg5 Rb4 39. Be5 Re7
40. f3 Bd7 41. Bd6 Rf7 42. Rxh5 Rf6 43. Be5 Rxf3 44. Bh7+ Kf7 45. Nxd7 Ra3 46.
Bg3 Rb2+ 47. Kh3 Rb5 48. Ne5+ Kf6 49. Rf5+ Ke6 50. Rf8 Ke7 51. Rf7+ Ke8 52. Bg6
Rbb3 53. Rxg7+ Kf8 54. Rf7+ 1-0

[Event "Satka Autumn 2019"]
[Site "Satka"]
[Date "2019.09.26"]
[Round "8.6"]
[White "Semenova, Elena"]
[Black "Makarenko, Alexandra"]
[Result "1-0"]
[WhiteElo "2303"]
[BlackElo "2169"]
[PlyCount "55"]
[EventDate "2019.09.19"]

1. d4 Nf6 2. c4 e6 3. g3 d5 4. Bg2 dxc4 5. Nf3 c6 6. a4 b5 7. Nfd2 Qa5 8. Nc3
Nd5 9. O-O Nxc3 10. bxc3 Bb7 11. Rb1 a6 12. Nxc4 Qxc3 13. Nb6 Ra7 14. Bf4 Nd7
15. Rc1 Qa5 16. Nxd7 Kxd7 17. Qc2 Qxa4 18. Bxc6+ Kd8 19. Qe4 Bc8 20. Bb8 Re7
21. Ra1 Qc4 22. Rfc1 Qb4 23. Rab1 Qa4 24. Qe5 Qa5 25. d5 f6 26. Qd4 e5 27. Qe3
Rf7 28. Ra1 1-0

[Event "Satka Autumn 2019"]
[Site "Satka"]
[Date "2019.09.26"]
[Round "8.14"]
[White "Kulkova, Dina"]
[Black "Trapeznikova, Darya"]
[Result "0-1"]
[WhiteElo "1424"]
[BlackElo "2085"]
[PlyCount "74"]
[EventDate "2019.09.19"]

1. e4 e5 2. Nc3 Nf6 3. g3 d5 4. exd5 Nxd5 5. Bg2 Nxc3 6. bxc3 Bc5 7. Ne2 Nc6 8.
O-O O-O 9. Bb2 Bg4 10. h3 Bh5 11. d3 Qf6 12. Qd2 Rad8 13. c4 Bf3 14. Rab1 Bxg2
15. Kxg2 Qg6 16. Rbd1 f5 17. f4 Nd4 18. Nxd4 exd4 19. c3 Rfe8 20. cxd4 Bxd4 21.
Bxd4 Rxd4 22. Rf2 Red8 23. Qc2 Qd6 24. Rfd2 c5 25. Qb3 Qc6+ 26. Kf2 h6 27. Re2
Kh7 28. Re5 b6 29. a4 Qd6 30. Re3 g5 31. fxg5 f4 32. gxf4 Qxf4+ 33. Rf3 Qh2+
34. Kf1 Re8 35. Rf6 Re2 36. Rxh6+ Kg7 37. Rf6 Qg2# 0-1

[Event "Satka Autumn 2019"]
[Site "Satka"]
[Date "2019.09.26"]
[Round "8.15"]
[White "Shamsutdinova, Karina"]
[Black "Lebedeva, Lubov E."]
[Result "1-0"]
[WhiteElo "1747"]
[BlackElo "1802"]
[PlyCount "101"]
[EventDate "2019.09.19"]

1. Nf3 d5 2. b3 Nf6 3. Bb2 Bf5 4. d3 e6 5. g3 c5 6. Nbd2 Nc6 7. Bg2 Be7 8. O-O
O-O 9. a3 Re8 10. Qe1 Bf8 11. e4 Bg4 12. Ne5 Bh5 13. Nxc6 bxc6 14. f4 Rc8 15.
h3 h6 16. Qf2 Bg6 17. g4 Bh7 18. g5 Nh5 19. Qh4 g6 20. Bf3 hxg5 21. fxg5 Bg7
22. e5 Qc7 23. Rae1 Bh8 24. Bxh5 gxh5 25. Qxh5 Bg6 26. Qg4 Kf8 27. Nf3 Ke7 28.
h4 Bf5 29. Qf4 Rg8 30. h5 Ke8 31. Nh4 Qe7 32. Bc1 Bh7 33. Kh1 Bg7 34. g6 fxg6
35. hxg6 Rf8 36. Qg4 Bg8 37. Bg5 Qb7 38. Bf6 Rc7 39. Qg5 Rd7 40. Rf4 c4 41.
bxc4 c5 42. Ref1 dxc4+ 43. Kg1 Bxf6 44. Rxf6 Rxf6 45. exf6 cxd3 46. f7+ Rxf7
47. gxf7+ Bxf7 48. cxd3 Qb6 49. Qe3 Qc7 50. Rc1 Qe7 51. Ng2 1-0

[Event "Satka Autumn 2019"]
[Site "Satka"]
[Date "2019.09.26"]
[Round "8.16"]
[White "Voskresenskaya, Marta"]
[Black "Lebedeva, Ulyana"]
[Result "1/2-1/2"]
[WhiteElo "1907"]
[BlackElo "1660"]
[PlyCount "86"]
[EventDate "2019.09.19"]

1. d4 d5 2. Nf3 c6 3. c4 dxc4 4. Qc2 b5 5. a4 Bd7 6. e3 e6 7. axb5 cxb5 8. b3
cxb3 9. Qxb3 b4 10. Ne5 Nf6 11. Nxd7 Nbxd7 12. Nd2 Be7 13. Bd3 O-O 14. O-O Nb6
15. Ra6 Qd7 16. Bb2 Rfc8 17. Rfa1 Nbd5 18. Nc4 Qb7 19. Ne5 Nd7 20. R6a5 Qc7 21.
Nxd7 Qxd7 22. Be4 Qc6 23. g3 a6 24. Bd3 Nc7 25. e4 Qd6 26. d5 e5 27. Bc1 h6 28.
Be3 Rcb8 29. Bc4 Qd8 30. f4 Bd6 31. fxe5 Bxe5 32. d6 Qxd6 33. Bxf7+ Kh8 34. Rd1
Qe7 35. Bg6 Rd8 36. Rf1 Bd4 37. Bxd4 Rxd4 38. Raf5 Rdd8 39. e5 Qc5+ 40. R1f2
Qc1+ 41. Rf1 Qc5+ 42. R1f2 Qc1+ 43. Rf1 Qc5+ 1/2-1/2

[Event "Satka Autumn 2019"]
[Site "Satka"]
[Date "2019.09.26"]
[Round "8.17"]
[White "Donia, Anastasiia"]
[Black "Stroganova, Karina"]
[Result "0-1"]
[WhiteElo "1132"]
[BlackElo "1885"]
[PlyCount "64"]
[EventDate "2019.09.19"]

1. e4 d5 2. exd5 Qxd5 3. Nc3 Qd8 4. d4 Nf6 5. Nf3 g6 6. h3 Bg7 7. Bc4 O-O 8.
O-O a6 9. a3 b5 10. Bb3 Bb7 11. Be3 e6 12. Qe2 Nc6 13. Rfd1 Ne7 14. Ne5 Nf5 15.
Qd3 Qe7 16. Ne2 c5 17. dxc5 Rad8 18. Nd4 Qc7 19. f4 Nxe3 20. Qxe3 Qxc5 21. c3
Nd5 22. Qf2 Nxf4 23. Qxf4 Bxe5 24. Qf2 Rd6 25. Rd2 Rfd8 26. Rad1 Bg7 27. Bc2
Bh6 28. Re2 e5 29. Nb3 Rxd1+ 30. Bxd1 Rxd1+ 31. Kh2 Bf4+ 32. g3 Rh1# 0-1

[Event "Satka Autumn 2019"]
[Site "Satka"]
[Date "2019.09.26"]
[Round "8.19"]
[White "Kanter, Elizaveta"]
[Black "Krylova, Mariya"]
[Result "1-0"]
[WhiteElo "1291"]
[BlackElo "1543"]
[PlyCount "89"]
[EventDate "2019.09.19"]

1. e4 c5 2. Nf3 d6 3. c3 Nf6 4. Be2 Nc6 5. d4 cxd4 6. cxd4 Nxe4 7. d5 Qa5+ 8.
Nc3 Nxc3 9. bxc3 Nb8 10. O-O e5 11. dxe6 fxe6 12. Nd4 Be7 13. Bb5+ Kf7 14. Qf3+
Bf6 15. Qh5+ g6 16. Be8+ Rxe8 17. Qxa5 b6 18. Qa3 e5 19. Qb3+ Kg7 20. Nb5 Be6
21. Qd1 Na6 22. Be3 Red8 23. Qa4 Nc5 24. Bxc5 dxc5 25. Nc7 Bd7 26. Qe4 Rac8 27.
Nd5 Bf5 28. Qc4 b5 29. Qxb5 Rxd5 30. Qb7+ Rd7 31. Qxc8 Kf7 32. Qxc5 e4 33. Rad1
Re7 34. Rfe1 Be5 35. Qd5+ Kg7 36. Qd8 Bf6 37. Qa5 Be5 38. Rd5 Bf6 39. Rc5 Kh6
40. Rc7 Rxc7 41. Qxc7 Bg7 42. Qf4+ Kh5 43. h3 Bxc3 44. g4+ Kh4 45. Qh6# 1-0

[Event "Satka Autumn 2019"]
[Site "Satka"]
[Date "2019.09.26"]
[Round "8.20"]
[White "Sultanova, Kristina"]
[Black "Mirgalina, Anna"]
[Result "1-0"]
[WhiteElo "1201"]
[BlackElo "1473"]
[PlyCount "69"]
[EventDate "2019.09.19"]

1. e4 c5 2. c3 Nf6 3. e5 Nd5 4. d4 cxd4 5. cxd4 e6 6. Nf3 Nc6 7. Bc4 Nb6 8. Bd3
Be7 9. O-O O-O 10. Nc3 d6 11. Qe2 f5 12. exf6 Bxf6 13. Qe4 g6 14. Bh6 Bg7 15.
Bxg7 Kxg7 16. Rfe1 a5 17. Nh4 Qf6 18. Nf3 e5 19. dxe5 Nxe5 20. Nxe5 Re8 21. f4
dxe5 22. fxe5 Qe6 23. Nb5 Re7 24. Nd4 Qd7 25. e6 Qd6 26. Qg4 Kh8 27. Kh1 Nd5
28. Nb5 Qb4 29. Qf3 Bxe6 30. Nc3 Nxc3 31. Qf6+ Kg8 32. Rxe6 Nd5 33. Qe5 Rd8 34.
Be4 Qc5 35. Rxe7 1-0